Goldilocks and the three bears / (Record no. 3478)

MARC details
000 -LEADER
fixed length control field 01228nam a22002897a 4500
001 - CONTROL NUMBER
control field 3478
003 - CONTROL NUMBER IDENTIFIER
control field FISKH
005 - DATE AND TIME OF LATEST TRANSACTION
control field 20250826090232.0
008 - FIXED-LENGTH DATA ELEMENTS--GENERAL INFORMATION
fixed length control field 240312b cb ||||| |||| 00| 0 eng d
020 ## - INTERNATIONAL STANDARD BOOK NUMBER
International Standard Book Number 9789814281126
040 ## - CATALOGING SOURCE
Original cataloging agency FISKH
Language of cataloging eng
Transcribing agency FISKH
Modifying agency FISKH
050 ## - LIBRARY OF CONGRESS CALL NUMBER
Classification number 398.2
100 ## - MAIN ENTRY--PERSONAL NAME
Personal name Giles, Jenny
245 ## - TITLE STATEMENT
Title Goldilocks and the three bears /
Statement of responsibility, etc. Retold by Jenny Giles : illustrated by Pat Reynolds
250 ## - EDITION STATEMENT
Edition statement First published in 1998
260 ## - PUBLICATION, DISTRIBUTION, ETC.
Place of publication, distribution, etc. Boston :
Name of publisher, distributor, etc. Cengage Learning,
Date of publication, distribution, etc. 1998
300 ## - PHYSICAL DESCRIPTION
Extent 32 pages :
Other physical details color illustrations ;
Dimensions 22 cm .
505 ## - FORMATTED CONTENTS NOTE
Formatted contents note H <br/>
520 ## - SUMMARY, ETC.
Summary, etc. Scandinavia, where bears still live in the mountains, was chosen as the setting for this story. The turf-roofed house, the furniture, fabrics and clothes were all inspired by Icelandic, Norwegian and Swedish designs. Robert Southey's famous English version (in which the bears' visitor was an old woman) was written in 1837, and based on oral tradition. Set in Scandinavia, circa 1700-1800.
521 8# - TARGET AUDIENCE NOTE
Target audience note 470 <br/>
Source Lexile estimate <br/>
521 8# - TARGET AUDIENCE NOTE
Target audience note H <br/>
Source Raz-Plus <br/>
600 ## - SUBJECT ADDED ENTRY--PERSONAL NAME
Source of heading or term plays
Form subdivision Fairy tale
650 ## - SUBJECT ADDED ENTRY--TOPICAL TERM
Topical term or geographic name entry element three bears
Form subdivision Fairy tales
700 ## - ADDED ENTRY--PERSONAL NAME
Personal name Reynolds, Pat
Relator term illustrator
942 ## - ADDED ENTRY ELEMENTS (KOHA)
Source of classification or shelving scheme Dewey Decimal Classification
Koha item type Books
Suppress in OPAC No
Holdings
Withdrawn status Lost status Source of classification or shelving scheme Damaged status Not for loan Collection Home library Current library Shelving location Date acquired Total Checkouts Full call number Barcode Date last seen Copy number Price effective from Koha item type Date last checked out
    Dewey Decimal Classification     Juvenile Fiction Footprints International School Library Network Toul Kork Campus Footprints International School Library Network Toul Kork Campus TK Primary Library Room(4th Floor), Bookcase 1&2, Shelves 1-16, Dark Blue Books 09/05/2024   GIL 398.2 PZ7 FISBK05047 09/05/2024 2 09/05/2024 Books  
    Dewey Decimal Classification     Juvenile Fiction Footprints International School Library Network Toul Kork Campus Footprints International School Library Network Toul Kork Campus TK Primary Library Room(4th Floor), Bookcase 1&2, Shelves 1-16, Dark Blue Books 04/29/2025   GIL 398.2 PZ7 FISTK00894 04/29/2025 3 04/29/2025 Books  
    Dewey Decimal Classification     Juvenile Fiction Footprints International School Library Network Toul Tom Poung Campus Footprints International School Library Network Toul Tom Poung Campus TTP Primary Dark Blue Bookshelves 03/12/2024   GIL 398.2 PZ7 FISTK04043 03/12/2024 1 03/12/2024 Books  
    Dewey Decimal Classification     Juvenile Fiction Footprints International School Library Network Toul Tom Poung Campus Footprints International School Library Network Toul Tom Poung Campus TTP Primary Dark Blue Bookshelves 06/23/2025 1 GIL 398.2 PZ7 FIS04930 03/26/2026 4 06/23/2025 Books 03/19/2026
    Dewey Decimal Classification     Juvenile Fiction Footprints International School Library Network Toul Tom Poung Campus Footprints International School Library Network Toul Tom Poung Campus TTP Primary Dark Blue Bookshelves 06/23/2025   GIL 398.2 PZ7 FIS04875 06/23/2025 5 06/23/2025 Books  
    Dewey Decimal Classification     Juvenile Fiction Footprints International School Library Network Toul Tom Poung Campus Footprints International School Library Network Toul Tom Poung Campus TTP Primary Dark Blue Bookshelves 08/26/2025   GIL 398.2 PZ7 FIS02281 08/26/2025 6 08/26/2025 Books  
    Dewey Decimal Classification     Juvenile Fiction Footprints International School Library Network Toul Tom Poung Campus Footprints International School Library Network Toul Tom Poung Campus TTP Primary Dark Blue Bookshelves 11/19/2025   GIL 398.2 PZ7 FISBK05043 11/19/2025 7 11/19/2025 Books